00527nam a2200145Ia 4500008004100000100002000041245006600061245004300127260004900170260000900219650001300228856004800241999001900289952007300308170221s9999 xx 000 0 und d aNasim Z. Hosein aMeasuring the Purchase Intention of Visitors to the Auto Show cNasim Z. Hosein, Northwood University. bJournal of Management and Marketing Research c2013 xBusiness uhttp://www.aabri.com/manuscripts/111001.pdf c309637d309637 001040aCLbCLd2017-02-21l0r2017-02-21 00:00:00w2017-02-21yFOJ